Crime in cyberspace and effects on individual freedom diplomová práca

Uložené v:
Podrobná bibliografia
Hlavný autor: Hochmannová, Petra
Korporativný autor: Ekonomická univerzita v Bratislave. Ústav medzinárodných programov
Ďalší autori: Hanák, Róbert, 1979-
Médium: Kniha
Jazyk:English
Vydavateľské údaje: Bratislava 2011
Tagy: Pridať tag
Žiadne tagy, Buďte prvý, kto otaguje tento záznam!

MARC

LEADER 00000nam a2200000 4500
001 0149766
005 20240318114210.7
041 0 |a eng 
044 |a SK 
245 1 0 |a Crime in cyberspace and effects on individual freedom  |b diplomová práca  |c Petra Hochmannová ; školiteľ: Róbert Hanák 
264 1 |a Bratislava  |c 2011 
300 |a 81 s. 
100 1 |a Hochmannová, Petra 
700 1 |a Hanák, Róbert, 1979- 
710 2 |a Ekonomická univerzita v Bratislave. Ústav medzinárodných programov